| 000 | 00600nam a22001817a 4500 | ||
|---|---|---|---|
| 003 | NUST-PNEC | ||
| 005 | 20170116180706.0 | ||
| 008 | 140922b xxu||||| |||| 00| 0 eng d | ||
| 040 | _cPNEC | ||
| 082 | _a912 COL | ||
| 100 |
_9339 _aCollins |
||
| 245 |
_aCollins Student World Atlas _cCollins |
||
| 260 |
_aLondon _bHarperCollinsPublishers, London _cc.2005 |
||
| 300 |
_a168 p.: _bill. , maps. : _c30 cm. |
||
| 500 | _aIncludes Index http://www.amazon.com/Collins-Student-Atlas/dp/0007198418/ref=sr_1_1?s=books&ie=UTF8&qid=1411371554&sr=1-1&keywords=0007198418 | ||
| 650 | _xGeneral | ||
| 942 |
_2ddc _cBK |
||
| 999 |
_c60714 _d60714 |
||